[Event "Smith-Morra Gambit Practice "]
[Site "SchemingMind.com"]
[Date "2013.01.16"]
[Round "-"]
[White "vetran"]
[Black "emvarela"]
[Result "1-0"]
[WhiteCountry "NED"]
[BlackCountry "ARG"]
[WhiteElo "1984"]
[WhiteRD "77"]
[BlackElo "1738"]
[BlackRD "51"]
[GameID "325323"]

1. e4 c5 2. d4 cxd4 3. c3 dxc3 4. Nxc3 Nc6 5. Nf3 d6 6. Bc4 e6 7. O-O Nf6 8. Qe2 Be7 9. Rd1 e5 10. h3 O-O
11. Be3 a6 12. Rac1 b5 13. Bb3 Bb7 14. Bd5 Qd7 15. Bxc6 Bxc6 16. Nxe5 Qb7 17. Nxc6 Qxc6 18. Nd5
1-0

[Event "Smith-Morra Gambit Practice "]
[Site "SchemingMind.com"]
[Date "2013.01.16"]
[Round "-"]
[White "kenneth m day"]
[Black "emvarela"]
[Result "0-1"]
[WhiteCountry "USA"]
[BlackCountry "ARG"]
[WhiteElo "1720"]
[WhiteRD "53"]
[BlackElo "1779"]
[BlackRD "51"]
[GameID "325324"]

1. e4 c5 2. d4 e6 3. Nf3 cxd4 4. c3 dxc3 5. Nxc3 Nc6 6. Bc4 d6 7. O-O Nf6 8. Qe2 Be7 9. Rd1 O-O 10. e5 Ne8
11. Bf4 d5 12. Rac1 Bd7 13. Bb3 f6 14. exf6 Bxf6 15. Ng5 Bxc3 16. Nxe6 Bxe6 17. Qxe6+ Kh8 18. Bxd5 Nc7 19. Bxc7 Qxc7 20. Rxc3 Qb6
21. Rc2 Rae8 22. Qg4 Nb4 23. Rcd2 Nxd5 24. Rxd5 Qxf2+
0-1

[Event "Smith-Morra Gambit Practice "]
[Site "SchemingMind.com"]
[Date "2013.01.16"]
[Round "-"]
[White "lipekhetman"]
[Black "emvarela"]
[Result "1-0"]
[WhiteCountry "POL"]
[BlackCountry "ARG"]
[WhiteElo "2218"]
[WhiteRD "89"]
[BlackElo "1779"]
[BlackRD "51"]
[GameID "325325"]

1. e4 c5 2. d4 cxd4 3. Nf3 e6 4. c3 dxc3 5. Nxc3 Nc6 6. Bc4 a6 7. O-O b5 8. Bd3 Bb7 9. Re1 Bb4 10. a3 Bxc3
11. bxc3 Nf6 12. a4 O-O 13. Ba3 Qc7 14. e5 Ne8 15. Bxh7+
1-0

[Event "Smith-Morra Gambit Practice "]
[Site "SchemingMind.com"]
[Date "2013.01.16"]
[Round "-"]
[White "hoochicoochiman"]
[Black "emvarela"]
[Result "0-1"]
[WhiteCountry "ENG"]
[BlackCountry "ARG"]
[WhiteElo "1687"]
[WhiteRD "96"]
[BlackElo "1765"]
[BlackRD "48"]
[GameID "325326"]

1. e4 c5 2. d4 e6 3. c3 d5 4. e5 Nc6 5. Bb5 Qb6 6. a4 Bd7 7. Nf3 cxd4 8. cxd4 Nge7 9. Nc3 a6 10. Bxc6 Bxc6
11. O-O Nf5 12. g4 Ne7 13. h3 Ng6 14. Kh2 Bb4 15. Qb3 a5 16. Na2 O-O 17. Nxb4 axb4 18. Bd2 f5 19. exf6 Rxf6 20. Kg1 Raf8
21. Nh2 Qxd4 22. Be3 Qe4 23. Rac1 d4 24. Rxc6 dxe3 25. fxe3 Rxf1+ 26. Nxf1 Qxc6 27. Qxb4 Nh4 28. e4 Qc2 29. Nd2 Qd1+ 30. Kh2 Qe2+
31. Kg3 Qf2#
0-1